01563nam a2200217Ia 4500008004100000020001500041050002100056240009200077245014600169246005900315260003300374300003900407500009800446505057200544650003901116650003501155650003201190700003901222700004001261700004401301120625s2000 mx r 001 0 spa d a9700905276 4aTS155.65 bM371810aMarkets of one: Creating Customer-Unique Value through Mass Customization. lEspañol 00aMarketing 1x1 b : cada cliente es un mercado c / compilado por James H. Gilmore y B. Joseph Pine II ; traducción Adriana Arias de Hassan 3 aMarketing uno por uno b : cada cliente es un mercado  aMéxicob : Norma c , 2000 axxxiii, 265 páginas c ; 23 cm.  aTítulo original: Markets of one: Creating Customer-Unique Value through Mass Customization.0 aLa muerte de los mercados masivos La teoría emergente de la producción El marketing en una era de diversidad Servicio al cliente eficiente y singular La administración en una era de modularidad ¿Desea conservar a sus clientes para siempre? ¿Está lista su empresa para el marketing personalizado? El negocio de la individualización Crecimiento acelerado sin concesiones Las cuatro cartas de la individualización masiva La forma inteligente de vender información La individualización masiva en operación Administración por instrumentos  4aSISTEMAS FLEXIBLES DE MANUFACTURA  4aADMINISTRACIÓN DE PRODUCTOS  4aRELACIONES DE MERCADOTECNIA1 aGilmore, James H. e , compilador 1 aPine II, B. Joseph e , compilador 1 aArias de Hassan, Adrianae , traductor